000 00532 a2200205 4500
005 20250114101943.0
008 250113b |||||||| |||| 00| 0 eng d
020 _a9798891611160
_cRs. 7495.00
040 _aMAIN
082 _a572
_bH314F
100 _aHawkins, Krish
245 _aFundamentals of biochemistry
260 _bAlexis Press
_c2024
_aNew Jersey
300 _aviii, 309
650 _aBiochemistry
650 _aChemical Properties
650 _aStructural Compounds
650 _aNucleic Acids
942 _cBK
999 _c358443
_d358443